MARC details
| 000 -CABECERA |
| campo de control de longitud fija |
01987nab a2200301 a 4500 |
| 005 - FECHA Y HORA DE LA ÚLTIMA TRANSACCIÓN |
| campo de control |
20260128171709.0 |
| 008 - ELEMENTOS DE LONGITUD FIJA--INFORMACIÓN GENERAL |
| campo de control de longitud fija |
991125c2015 cu qr p o 000 0 spa d |
| 035 ## - NÚMERO DE CONTROL DEL SISTEMA |
| Número de control de sistema |
UPN01000206061 |
| 040 ## - FUENTE DE LA CATALOGACIÓN |
| Centro catalogador/agencia de origen |
MX-MxUPN |
| Lengua de catalogación |
spa |
| Centro/agencia transcriptor |
MX-MxUPN |
| Normas de descripción |
aacr2 |
| 049 ## - COLECCIÓN |
| Colección |
ART-E |
| 100 1# - ASIENTO PRINCIPAL--NOMBRE PERSONAL |
| Nombre de persona |
Suárez Álvarez, Ángel Ricardo |
| 100 1# - ASIENTO PRINCIPAL--NOMBRE PERSONAL |
| Filiación |
sgonzalez@ict.uho.edu.cu |
| 100 1# - ASIENTO PRINCIPAL--NOMBRE PERSONAL |
| Nombre de persona |
González Bello, Segifredo Luis |
| 100 1# - ASIENTO PRINCIPAL--NOMBRE PERSONAL |
| Nombre de persona |
Proenza Garrido, Yolanda Cruz |
| 100 1# - ASIENTO PRINCIPAL--NOMBRE PERSONAL |
| Nombre de persona |
Cáceres Martínez, María Teresa |
| 245 10 - MENCIÓN DE TÍTULO |
| Título |
Aproximación al contenido de la preparación profesional para la dirección del proceso de enseñanza aprendizaje |
| 506 0# - NOTA DE RESTRICCIONES AL ACCESO |
| Limitaciones de acceso |
Acceso abierto |
| 520 3# - NOTA DE RESUMEN, ETC. |
| Sumario, etc. |
En el artículo se a bordó una forma de contribuir a la preparación profesional de los maestros primarios para la dirección del proceso de enseñanza aprendizaje, teniendo como objetivo profundizar en una de sus categorías fundamentales: el contenido. Se aportaron elementos teóricos, obtenidos del análisis epistemológico y de procedimientos empíricos empleados durante la realización de un experimento pedagógico. Se resuelven las carencias determinadas en la teoría pedagógica, relacionadas con las definiciones de: preparación profesional, preparación profesional para la dirección del proceso de enseñanza aprendizaje y la de contenido de la preparación profesional para la dirección del proceso de enseñanza aprendizaje. Estas definiciones son actualizadas y responden a las nuevas exigencias de la sociedad en cuanto a la dirección del proceso de enseñanza aprendizaje en la Educación Primaria |
| 650 #4 - ASIENTO SECUNDARIO DE MATERIA - TERMINO TEMATICO |
| Término de materia o nombre geográfico como elemento de entrada |
Proceso enseñanza-aprendizaje |
| 9 (RLIN) |
42 |
| 650 #4 - ASIENTO SECUNDARIO DE MATERIA - TERMINO TEMATICO |
| Término de materia o nombre geográfico como elemento de entrada |
Formación profesional |
| 9 (RLIN) |
9108 |
| 650 #4 - ASIENTO SECUNDARIO DE MATERIA - TERMINO TEMATICO |
| Término de materia o nombre geográfico como elemento de entrada |
Maestros |
| 9 (RLIN) |
16336 |
| 650 #4 - ASIENTO SECUNDARIO DE MATERIA - TERMINO TEMATICO |
| Término de materia o nombre geográfico como elemento de entrada |
Educación primaria |
| 9 (RLIN) |
1552 |
| 773 ## - ENLACE AL DOCUMENTO FUENTE/ENTRADA DE REGISTRO ANFITRIÓN |
| Parte(s) relacionada(s) |
Vol. 6, no. 1 (2015), p. 205-218 |
| Título |
Didasc@lia : didáctica y educación |
| Número Internacional Normalizado para Publicaciones Seriadas |
2224-2643 |
| 856 4# - LOCALIZACIÓN Y ACCESO ELECTRÓNICOS |
| Identificador Uniforme del Recurso |
<a href="https://dialnet.unirioja.es/ejemplar/492052">https://dialnet.unirioja.es/ejemplar/492052</a> |
| 902 ## - ELEMENTOS DE DATOS B LOCAL, LDB (RLIN) |
| Creó |
Gloria Jiménez/ |
| 905 ## - TIPO DE MATERIAL |
| Tipo de material |
Articulo |
| 942 ## - ELEMENTOS DE PUNTO DE ACCESO ADICIONAL (KOHA) |
| Tipo de ítem Koha |
Artículo Electrónico |